مكتبة جامعة عجلون الوطنية

فهرس بحث المكتبة

Normal view MARC view
  • سياسيون اسرائيليون ، ايهود براك 1942م

Entry Topical Term

Number of records used in: 1

001 - CONTROL NUMBER

  • control field: 13293

003 - CONTROL NUMBER IDENTIFIER

  • control field: JO-AjAnu

005 - DATE AND TIME OF LATEST TRANSACTION

  • control field: 20230606072427.0

008 - FIXED-LENGTH DATA ELEMENTS

  • fixed length control field: 230606|| aca||aabn | a|a d

040 ## - CATALOGING SOURCE

  • Original cataloging agency: JO-AjAnu
  • Transcribing agency: JO-AjAnu

150 ## - HEADING--TOPICAL TERM

  • Topical term or geographic name entry element: سياسيون اسرائيليون ، ايهود براك 1942م

670 ## - SOURCE DATA FOUND

  • Source citation: Work cat.: (JO-AjAnu)6840: بن كسبيت، م.مشارك كفير، ايلان؛ ترجمة العقيلي، بدر، ترجمة البواطلة، نور, author 13292,  ايهود براك: الجندي الاول رئيس الوزراء الاسرائيلي المحتمل